[Event "ONJK 2017 F"]
[Site "Borne"]
[Date "2017.08.07"]
[Round "1.1"]
[White "Shah, Shrey"]
[Black "Trunz, Michelle"]
[Result "0-1"]
[WhiteElo "546"]
[BlackElo "1340"]
[PlyCount "62"]
[EventDate "2017.08.07"]

1. e4 c5 2. Nf3 d6 3. g3 Nf6 4. Bg2 Nxe4 5. d3 Nf6 6. Nc3 e5 7. Bg5 Be7 8. Qd2
O-O 9. O-O Be6 10. Rfe1 Nbd7 11. Nb5 a6 12. Nc3 Nb6 13. Ne4 Nxe4 14. Bxe7 Nxd2
15. Bxd8 Nxf3+ 16. Bxf3 Rfxd8 17. Bxb7 Ra7 18. Bc6 Rc7 19. Be4 Nd5 20. c4 Nb4
21. Rec1 f5 22. a3 fxe4 23. axb4 exd3 24. Rxa6 cxb4 25. b3 e4 26. Rd1 Bg4 27.
Rd2 d5 28. cxd5 Rxd5 29. h3 Rc1+ 30. Kg2 Bf3+ 31. Kh2 Rh1# 0-1

[Event "ONJK 2017 F"]
[Site "Borne"]
[Date "2017.08.07"]
[Round "2.1"]
[White "Trunz, Michelle"]
[Black "Westerhof, Joep"]
[Result "1-0"]
[WhiteElo "1340"]
[BlackElo "749"]
[PlyCount "105"]
[EventDate "2017.08.07"]

1. e4 c5 2. Nf3 d6 3. Nc3 Nc6 4. Bb5 Bd7 5. O-O g6 6. d3 Bg7 7. Bd2 Nf6 8. Be3
O-O 9. Qd2 Ng4 10. Bf4 a6 11. Bc4 b5 12. Bd5 e6 13. Bb3 Nd4 14. Nxd4 cxd4 15.
Ne2 e5 16. Bg5 h6 17. Bxd8 Rfxd8 18. h3 Nf6 19. c3 dxc3 20. Nxc3 a5 21. Nd5 Ne8
22. Nb6 Ra6 23. Nxd7 Rxd7 24. Rac1 a4 25. Bd5 Rd8 26. Qb4 Rb6 27. Bc6 Nf6 28.
Bd5 Rf8 29. Rc6 Nxd5 30. exd5 Rb7 31. Qxd6 e4 32. dxe4 Bxb2 33. Rc7 Rbb8 34.
Rb1 Bd4 35. Rbc1 Rfe8 36. Qd7 Rf8 37. Rc8 Rbxc8 38. Rxc8 Rxc8 39. Qxc8+ Kg7 40.
d6 Bf6 41. d7 b4 42. e5 Bg5 43. f4 Be7 44. d8=Q Bxd8 45. Qxd8 b3 46. axb3 axb3
47. Qb6 b2 48. Qxb2 h5 49. e6+ Kf8 50. exf7 Kxf7 51. Qb3+ Kf6 52. Qc3+ Kf5 53.
Qe5# 1-0

[Event "ONJK 2017 F"]
[Site "Borne"]
[Date "2017.08.08"]
[Round "3.1"]
[White "Van Leeuwen, Robin"]
[Black "Trunz, Michelle"]
[Result "1/2-1/2"]
[WhiteElo "777"]
[BlackElo "1340"]
[PlyCount "64"]
[EventDate "2017.08.07"]

1. d4 d5 2. Bf4 Nf6 3. c3 c6 4. e3 Bf5 5. Nd2 Nbd7 6. Ngf3 e6 7. Be2 Be7 8. Ne5
Nxe5 9. dxe5 Ne4 10. Nxe4 Bxe4 11. f3 Bf5 12. Bg3 Bh4 13. f4 Bxg3+ 14. hxg3 Qb6
15. Qd2 Be4 16. Bf3 Bxf3 17. gxf3 O-O-O 18. Rd1 f6 19. exf6 gxf6 20. Rh6 Rdf8
21. b3 e5 22. c4 exf4 23. gxf4 Re8 24. Kf2 Re6 25. cxd5 cxd5 26. Rc1+ Kb8 27.
Re1 Qb5 28. Rh5 Rd6 29. Rd1 Rc8 30. Rxd5 Rxd5 31. Qxd5 Rc2+ 32. Kg1 Qxd5
1/2-1/2

[Event "ONJK 2017 F"]
[Site "Borne"]
[Date "2017.08.08"]
[Round "4.1"]
[White "Dekker, Thiemen"]
[Black "De Jong, Quint"]
[Result "1-0"]
[WhiteElo "757"]
[BlackElo "892"]
[PlyCount "95"]
[EventDate "2017.08.07"]

1. e4 c5 2. Nf3 Nc6 3. Bc4 e6 4. Nc3 a6 5. O-O b5 6. Bb3 c4 7. d4 cxb3 8. axb3
Bb7 9. Ne5 Nxe5 10. dxe5 Bb4 11. Ne2 Bxe4 12. Qd4 Bxg2 13. Kxg2 Qe7 14. Ng3 f6
15. Ne4 f5 16. c3 fxe4 17. Qxb4 Qxb4 18. cxb4 Ne7 19. Re1 O-O 20. Rxe4 Rf5 21.
Bd2 Ng6 22. Bc3 h6 23. Rd1 Raf8 24. Rd2 R8f7 25. Rg4 Nxe5 26. Bxe5 Rxe5 27.
Rgd4 Re1 28. f3 Kf8 29. Kf2 Rb1 30. Rd6 Rh1 31. Kg2 Rf1 32. Kxf1 Rxf3+ 33. Rf2
Rxf2+ 34. Kxf2 Ke7 35. Rxa6 e5 36. Rb6 d6 37. Rxb5 Ke6 38. Ke3 g5 39. Ra5 h5
40. b5 h4 41. b6 g4 42. b7 g3 43. b8=Q gxh2 44. Ra1 Kf5 45. Qxd6 Kg4 46. Qxe5
Kh3 47. Rh1 Kg2 48. Qxh2# 1-0

[Event "ONJK 2017 F"]
[Site "Borne"]
[Date "2017.08.08"]
[Round "5.1"]
[White "Van Leeuwen, Robin"]
[Black "Dekker, Thiemen"]
[Result "1/2-1/2"]
[WhiteElo "777"]
[BlackElo "757"]
[PlyCount "27"]
[EventDate "2017.08.07"]

1. d4 d5 2. c3 Nc6 3. e3 Nf6 4. Nf3 Bf5 5. Nbd2 e6 6. Be2 Be7 7. Ne5 Nxe5 8.
dxe5 Ne4 9. Nxe4 Bxe4 10. f3 Bg6 11. Bd3 Bxd3 12. Qxd3 O-O 13. e4 dxe4 14. Qxe4
1/2-1/2

[Event "ONJK 2017 F"]
[Site "Borne"]
[Date "2017.08.08"]
[Round "6.1"]
[White "Trunz, Michelle"]
[Black "Dekker, Thiemen"]
[Result "0-1"]
[WhiteElo "1340"]
[BlackElo "757"]
[PlyCount "98"]
[EventDate "2017.08.07"]

1. e4 e5 2. Nf3 Nc6 3. d4 f6 4. Bc4 Bd6 5. Nc3 Nge7 6. O-O b6 7. dxe5 Bxe5 8.
Nxe5 fxe5 9. Qg4 g6 10. Bg5 d5 11. Bxe7 Qxe7 12. Nxd5 Bxg4 13. Nxe7 Nxe7 14. f3
Bd7 15. Ba6 b5 16. c4 Rb8 17. cxb5 Bxb5 18. Bxb5+ Rxb5 19. b3 O-O 20. g3 Rd8
21. f4 Rd2 22. fxe5 Rxe5 23. Rf4 Re2 24. Raf1 Nc6 25. Rf8+ Kg7 26. R1f7+ Kh6
27. Rh8 Kg5 28. h4+ Kg4 29. Rhf8 R5xe4 30. h5 Re1+ 31. Rf1 Rxf1+ 32. Rxf1 Kxh5
33. Rf2 Kg4 34. Kh2 Nd4 35. b4 Re2 36. Rxe2 Nxe2 37. a4 Nc3 38. a5 Nd5 39. b5
Nc3 40. b6 cxb6 41. axb6 axb6 42. Kg2 b5 43. Kh2 b4 44. Kg2 b3 45. Kh2 b2 46.
Kg2 b1=Q 47. Kh2 Qc2+ 48. Kh1 Kxg3 49. Kg1 Qg2# 0-1

[Event "ONJK 2017 F"]
[Site "Borne"]
[Date "2017.08.09"]
[Round "7.1"]
[White "Dekker, Thiemen"]
[Black "Yeh, Nora"]
[Result "1-0"]
[WhiteElo "757"]
[BlackElo "418"]
[PlyCount "73"]
[EventDate "2017.08.07"]

1. e4 e5 2. Nf3 Nc6 3. Bc4 Bc5 4. Nc3 Nf6 5. d3 d6 6. Be3 Bxe3 7. fxe3 Bg4 8.
O-O O-O 9. h3 Bxf3 10. Qxf3 Qd7 11. Rad1 Nb4 12. Qf2 d5 13. exd5 Rad8 14. e4
Qd6 15. Nb5 Qd7 16. a3 Na2 17. Nxa7 Ra8 18. Bxa2 Rxa7 19. Qxa7 b6 20. Qb7 Qd6
21. Qc6 Qc5+ 22. Qxc5 bxc5 23. Rf3 Rb8 24. Bb3 h6 25. Rdf1 Rb5 26. d6 c4 27.
Bxc4 Rxb2 28. dxc7 Rxc2 29. c8=Q+ Kh7 30. Qf5+ g6 31. Qxf6 h5 32. Qxf7+ Kh6 33.
Qf8+ Kg5 34. Qf6+ Kh6 35. Bf7 Kh7 36. Qxg6+ Kh8 37. Qg8# 1-0

[Event "ONJK 2017 F"]
[Site "Borne"]
[Date "2017.08.09"]
[Round "9.1"]
[White "Mainka, Ingmar"]
[Black "Dekker, Thiemen"]
[Result "1/2-1/2"]
[WhiteElo "1318"]
[BlackElo "757"]
[PlyCount "79"]
[EventDate "2017.08.07"]

1. e4 e5 2. Nf3 Nc6 3. Bb5 Bd6 4. O-O Nf6 5. d3 O-O 6. Bg5 a6 7. Ba4 b5 8. Bb3
h6 9. Bh4 Bb7 10. Nc3 Be7 11. Re1 Ng4 12. Bxe7 Qxe7 13. Nd5 Qd8 14. c3 Nf6 15.
Nxf6+ Qxf6 16. Bd5 Rab8 17. Qd2 Ne7 18. Bxb7 Rxb7 19. d4 d6 20. Rad1 Rb6 21.
Qe3 Ng6 22. dxe5 Nxe5 23. Nxe5 Qxe5 24. Rd5 Qe7 25. h3 b4 26. b3 Re8 27. f3 Qh4
28. Red1 Re6 29. cxb4 Rg6 30. Qf2 Qxh3 31. R1d2 Qg3 32. Qxg3 Rxg3 33. Rc2 Rb7
34. Ra5 Ra7 35. Rc6 Rg5 36. Raxa6 Rxa6 37. Rxa6 Rb5 38. Rc6 Rb7 39. Kf2 Kh7 40.
Kg3 1/2-1/2

[Event "ONJK 2017 GH"]
[Site "Borne"]
[Date "2017.08.07"]
[Round "1.2"]
[White "Vleming, Josefien"]
[Black "Froeyman, Hugo"]
[Result "0-1"]
[WhiteElo "266"]
[BlackElo "1000"]
[PlyCount "78"]
[EventDate "2017.08.??"]

1. e4 c6 2. d4 d5 3. exd5 cxd5 4. Nc3 Nc6 5. Nf3 Bf5 6. Bb5 Nf6 7. Bg5 Ne4 8.
Qe2 Nxg5 9. Nxg5 e6 10. Nf3 Bd6 11. O-O O-O 12. Nh4 Qxh4 13. g3 Qg4 14. Qe1 Qf3
15. Be2 Nxd4 16. Bxf3 Nxf3+ 17. Kg2 Nxe1+ 18. Rfxe1 Bb4 19. Red1 Rac8 20. Na4
Bxc2 21. Nc3 Bxd1 22. Nxd1 Bd2 23. f3 Rc1 24. Rxc1 Bxc1 25. Nf2 Bxb2 26. Ng4 f5
27. Ne5 Bxe5 28. f4 Bd4 29. a4 Rc8 30. a5 Rc2+ 31. Kh3 Bg1 32. Kh4 Rxh2+ 33.
Kg5 h6+ 34. Kg6 Rg2 35. Kh5 d4 36. Kg6 d3 37. Kh5 d2 38. g4 d1=Q 39. Kg6 Qxg4#
0-1

[Event "ONJK 2017 GH"]
[Site "Borne"]
[Date "2017.08.07"]
[Round "2.2"]
[White "Froeyman, Hugo"]
[Black "Rooijakkers, Liam"]
[Result "1-0"]
[WhiteElo "1000"]
[BlackElo "329"]
[PlyCount "49"]
[EventDate "2017.08.??"]

1. e4 c5 2. Nc3 Nc6 3. g3 d6 4. Bg2 Nf6 5. Nge2 Bg4 6. O-O Bxe2 7. Qxe2 Qc7 8.
d3 O-O-O 9. Be3 e5 10. f4 exf4 11. Bxf4 Nd4 12. Qd2 Qa5 13. e5 dxe5 14. Bxe5
Re8 15. Rfe1 Ng4 16. Bh3 f5 17. Qf4 Nh6 18. Bxd4 Rxe1+ 19. Rxe1 cxd4 20. Re5
dxc3 21. Rxa5 g6 22. bxc3 b6 23. Ra4 b5 24. Rxa7 Rg8 25. Qc7# 1-0

[Event "ONJK 2017 GH"]
[Site "Borne"]
[Date "2017.08.08"]
[Round "3.2"]
[White "Fallaux, Storm"]
[Black "Froeyman, Hugo"]
[Result "0-1"]
[WhiteElo "524"]
[BlackElo "1000"]
[PlyCount "48"]
[EventDate "2017.08.??"]

1. e4 c6 2. Nf3 d5 3. exd5 cxd5 4. Nc3 Nc6 5. d4 Nf6 6. Bb5 Bd7 7. Bg5 e6 8.
Bxc6 Bxc6 9. O-O Be7 10. Ne5 O-O 11. Bxf6 Bxf6 12. a4 Bxe5 13. dxe5 d4 14. Nb5
Qd5 15. f3 Bxb5 16. axb5 Rfd8 17. b3 Qxb5 18. c4 dxc3 19. Qe1 Qc5+ 20. Rf2 Rac8
21. Ra4 b5 22. Rh4 c2 23. Qe4 c1=Q+ 24. Qe1 Qxe1# 0-1

[Event "ONJK 2017 GH"]
[Site "Borne"]
[Date "2017.08.08"]
[Round "4.2"]
[White "Verwer, Oscar"]
[Black "Mernier, Simon"]
[Result "1-0"]
[WhiteElo "639"]
[BlackElo "1000"]
[PlyCount "57"]
[EventDate "2017.08.??"]

1. e4 e5 2. Nf3 Nc6 3. d4 exd4 4. Nxd4 Nf6 5. Nxc6 dxc6 6. Qxd8+ Kxd8 7. Nc3
Bb4 8. Bd2 Re8 9. Bd3 Ke7 10. O-O Kf8 11. Rae1 b6 12. Re2 Bb7 13. Rfe1 Rad8 14.
e5 Bxc3 15. Bxc3 Nd7 16. Re3 Nc5 17. Bc4 b5 18. Bd3 a6 19. Bb4 Rd5 20. Be4
Rdxe5 21. Bxc6 Rxe3 22. fxe3 Bxc6 23. Bxc5+ Kg8 24. Rf1 Re5 25. Rd1 g6 26. Bb4
Rg5 27. Bc3 h6 28. Rd8+ Kh7 29. Rh8# 1-0

[Event "ONJK 2017 GH"]
[Site "Borne"]
[Date "2017.08.08"]
[Round "6.2"]
[White "Froeyman, Hugo"]
[Black "Grooten, Tommy"]
[Result "0-1"]
[WhiteElo "1000"]
[BlackElo "777"]
[PlyCount "66"]
[EventDate "2017.08.??"]

1. e4 c5 2. Nc3 e6 3. g3 Ne7 4. Bg2 Nbc6 5. Nge2 Ng6 6. O-O Be7 7. d4 cxd4 8.
Nxd4 O-O 9. Be3 d6 10. Nxc6 bxc6 11. f4 Ba6 12. Rf2 Qc7 13. Qg4 f5 14. exf5
exf5 15. Qf3 Rac8 16. h4 Bf6 17. h5 Ne7 18. g4 fxg4 19. Qxg4 Rce8 20. h6 Bc8
21. Qg3 Nf5 22. Qh2 Rxe3 23. hxg7 Qxg7 24. Kf1 Ba6+ 25. Ne2 Ng3+ 26. Kg1 Nxe2+
27. Rxe2 Rxe2 28. Qh1 Bd4+ 29. Kf1 Rxg2+ 30. Ke1 Re8+ 31. Kd1 Qg4+ 32. Kc1 Be3+
33. Kb1 Rg1+ 0-1

[Event "ONJK 2017 GH"]
[Site "Borne"]
[Date "2017.08.09"]
[Round "7.2"]
[White "Verwer, Oscar"]
[Black "Kazarjan, Gachatur"]
[Result "1-0"]
[WhiteElo "639"]
[BlackElo "870"]
[PlyCount "207"]
[EventDate "2017.08.??"]

1. e4 e5 2. Nf3 Nc6 3. d4 d6 4. dxe5 dxe5 5. Qxd8+ Kxd8 6. Nc3 Bd6 7. Bc4 h6 8.
Bxf7 Nf6 9. Bc4 Bd7 10. O-O a6 11. Be3 Kc8 12. Rfe1 Nb4 13. Re2 Bg4 14. Rd1 Re8
15. h3 Bxf3 16. gxf3 Rf8 17. a3 Nc6 18. Red2 Ne8 19. Kg2 Rf6 20. Bd5 Ne7 21. b4
Rg6+ 22. Kf1 Rf6 23. Ke2 Ng6 24. Bc5 Nf4+ 25. Ke1 Rg6 26. Kf1 Nxh3 27. Bf7 Rg1+
28. Ke2 Nf4+ 29. Ke3 Ng2+ 30. Ke2 Nf4+ 31. Ke3 Bxc5+ 32. bxc5 Rxd1 33. Rxd1 Nf6
34. Rg1 g5 35. Rh1 h5 36. Rg1 g4 37. Nd5 N4xd5+ 38. exd5 Kb8 39. Rh1 Ka7 40.
Bxh5 Nxd5+ 41. Ke4 Nc3+ 42. Kxe5 gxf3 43. Bxf3 Re8+ 44. Kd4 Nb5+ 45. Kc4 Nxa3+
46. Kb3 Nb5 47. c6 Nd4+ 48. Kc4 Nxf3 49. Kc5 bxc6 50. Kxc6 Nd4+ 51. Kxc7 Nxc2
52. Rc1 Nd4 53. Rd1 Nb5+ 54. Kc6 Rc8+ 55. Kd7 Rc7+ 56. Ke6 Kb6 57. Rb1 Rc6+ 58.
Kd5 Rd6+ 59. Ke5 Rd2 60. f4 Re2+ 61. Kf5 Ka7 62. Kg5 Nc3 63. Rc1 Ne4+ 64. Kg4
Nf6+ 65. Kg5 Nh7+ 66. Kg4 Nf8 67. Rc7+ Kb6 68. Rf7 Re8 69. Rf6+ Ka5 70. Rf5+
Ka4 71. Rf7 Ne6 72. f5 Nd4 73. Rd7 Nb5 74. f6 Rf8 75. Kg5 Nc3 76. Kg6 Ne4 77.
f7 Nc5 78. Re7 Rxf7 79. Kxf7 a5 80. Re5 Nd7 81. Re4+ Ka3 82. Re3+ Kb4 83. Re4+
Kb5 84. Ke7 Nc5 85. Re5 Kb4 86. Kd6 Nb3 87. Re4+ Ka3 88. Re3 a4 89. Kd5 Ka2 90.
Kc4 Nd2+ 91. Kb4 Nf1 92. Re2+ Nd2 93. Rxd2+ Ka1 94. Kxa4 Kb1 95. Kb3 Kc1 96.
Rf2 Kd1 97. Kc3 Ke1 98. Ra2 Kf1 99. Kd3 Ke1 100. Rb2 Kf1 101. Ke3 Kg1 102. Kf3
Kh1 103. Kg3 Kg1 104. Rb1# 1-0

[Event "ONJK 2017 GH"]
[Site "Borne"]
[Date "2017.08.09"]
[Round "8.2"]
[White "Grooten, Tommy"]
[Black "Verwer, Oscar"]
[Result "1-0"]
[WhiteElo "777"]
[BlackElo "639"]
[PlyCount "87"]
[EventDate "2017.08.??"]

1. e4 d5 2. exd5 Qxd5 3. Nc3 Qa5 4. d4 Nf6 5. Nf3 c6 6. Be2 Bf5 7. Bd2 Qc7 8.
O-O e6 9. Re1 Be7 10. Bf1 O-O 11. Ne5 Rd8 12. Ne2 Nbd7 13. Nf3 Ng4 14. h3 Ngf6
15. Rc1 Be4 16. Nc3 Bxf3 17. Qxf3 Nb6 18. Bf4 Bd6 19. Bxd6 Qxd6 20. Rcd1 Nbd5
21. Ne4 e5 22. dxe5 Qxe5 23. Ng3 Qxb2 24. Nf5 Qxa2 25. Qg3 g6 26. c4 Nb6 27.
Rxd8+ Rxd8 28. Qg5 Nbd7 29. Rd1 Qa5 30. Nh6+ Kg7 31. Qxa5 Re8 32. Ng4 Ne4 33.
Rxd7 h5 34. Ne3 Nf6 35. Qa1 Re6 36. Rxb7 Kh7 37. Rxf7+ Kg8 38. Rxf6 Rxf6 39.
Qxf6 c5 40. Nd5 Kh7 41. Qf8 g5 42. Ne7 a5 43. Qg8+ Kh6 44. Qg6# 1-0

[Event "ONJK 2017 GH"]
[Site "Borne"]
[Date "2017.08.09"]
[Round "9.2"]
[White "Kazarjan, Gachatur"]
[Black "Grooten, Tommy"]
[Result "1-0"]
[WhiteElo "870"]
[BlackElo "777"]
[PlyCount "165"]
[EventDate "2017.08.??"]

1. e4 c5 2. Nf3 e6 3. d4 cxd4 4. Nxd4 Nf6 5. Nc3 d6 6. Bg5 h6 7. Bh4 Be7 8. Bc4
a6 9. a4 O-O 10. O-O Nc6 11. Nxc6 bxc6 12. Re1 d5 13. exd5 cxd5 14. Bd3 Bb7 15.
Qf3 Rb8 16. Qd1 Qc7 17. Bg3 Bd6 18. Bxd6 Qxd6 19. Ne2 Qc6 20. Ng3 Rbc8 21. c3
Rfd8 22. Bc2 Kh8 23. Qd3 d4 24. Ne4 dxc3 25. Qxc3 Nxe4 26. Qxc6 Bxc6 27. Bxe4
Bxe4 28. Rxe4 Rb8 29. b4 Rd5 30. h3 Kh7 31. Rf4 Kg6 32. Ra3 f5 33. Kh2 Rb6 34.
Rg3+ Kf6 35. a5 Rb7 36. Rb3 g5 37. Rc4 Rd6 38. Rc5 h5 39. g3 Rb8 40. Kg2 Rb7
41. b5 Rb8 42. b6 Rd5 43. Rxd5 exd5 44. Kf3 Ke5 45. Ke3 d4+ 46. Kd3 Kd5 47. f3
Rb7 48. Rb2 Kc5 49. Rc2+ Kd6 50. Kxd4 g4 51. hxg4 fxg4 52. fxg4 hxg4 53. Rh2
Ke6 54. Rh6+ Kf5 55. Kd5 Rb8 56. Kc6 Ke4 57. b7 Kf3 58. Kc7 Rxb7+ 59. Kxb7 Kxg3
60. Rg6 Kf3 61. Rxg4 Kxg4 62. Kxa6 Kf5 63. Kb7 Ke6 64. a6 Kd6 65. a7 Kc5 66.
a8=Q Kb4 67. Qa6 Kc5 68. Qb6+ Kc4 69. Qa5 Kd4 70. Kc6 Ke4 71. Qd5+ Ke3 72. Qc4
Kf3 73. Kd5 Kg3 74. Ke5 Kf3 75. Qe4+ Kf2 76. Qd3 Kg2 77. Kf4 Kf2 78. Qe3+ Kg2
79. Qf3+ Kh2 80. Ke3 Kg1 81. Ke2 Kh2 82. Qg4 Kh1 83. Kf2 1-0

[Event "ONJK 2017 FGH Combined"]
[Site "Borne"]
[Date "2017.08.10"]
[Round "1.1"]
[White "Mainka, Ingmar"]
[Black "Maruska, Jonathan"]
[Result "1-0"]
[WhiteElo "1318"]
[BlackElo "412"]
[PlyCount "77"]
[EventDate "2017.08.10"]

1. e4 e5 2. Nf3 Nc6 3. d4 Bd6 4. Bb5 exd4 5. Nxd4 Nxd4 6. Qxd4 c5 7. Qxg7 Qf6
8. Qxf6 Nxf6 9. Nc3 Be5 10. O-O Bxc3 11. bxc3 Nxe4 12. Re1 f5 13. f3 O-O 14.
fxe4 fxe4 15. Bh6 Rf6 16. Bc4+ Kh8 17. Bg5 Rf5 18. Bh4 d5 19. Bb3 Bd7 20. Rf1
Rxf1+ 21. Rxf1 Kg7 22. Bxd5 Rf8 23. Rxf8 Kxf8 24. Bxe4 Be6 25. a3 b5 26. Bf2 b4
27. cxb4 cxb4 28. axb4 Ba2 29. Bxh7 Bb1 30. Bxa7 Ke7 31. b5 Kd8 32. b6 Kc8 33.
Be4 Bxc2 34. b7+ Kd7 35. Bxc2 Kd6 36. b8=Q+ Kc6 37. Qe5 Kb7 38. Qc5 Ka8 39.
Be4# 1-0

[Event "ONJK 2017 FGH Combined"]
[Site "Borne"]
[Date "2017.08.10"]
[Round "1.2"]
[White "Sannen, Fien"]
[Black "Van Arendonk, Polle"]
[Result "0-1"]
[WhiteElo "399"]
[BlackElo "1050"]
[PlyCount "84"]
[EventDate "2017.08.10"]

1. e4 e6 2. d3 d5 3. Nc3 Nf6 4. Bg5 Be7 5. Bxf6 Bxf6 6. Qd2 dxe4 7. Nxe4 Bxb2
8. Rb1 Bf6 9. Nf3 O-O 10. Be2 h6 11. O-O b6 12. Nxf6+ Qxf6 13. c3 Nc6 14. d4
Bd7 15. Ne5 Nxe5 16. dxe5 Qe7 17. Bf3 Rad8 18. Qe2 Qc5 19. c4 Bc6 20. Bxc6 Qxc6
21. Rbd1 Qa4 22. Rd3 Qxc4 23. Re1 Qxd3 24. Qf1 Qxf1+ 25. Rxf1 Rd2 26. a3 Rfd8
27. f3 Rd1 28. Rxd1 Rxd1+ 29. Kf2 Rd3 30. a4 f6 31. exf6 gxf6 32. Kg3 Kg7 33.
Kg4 Kg6 34. h4 Rd4+ 35. f4 h5+ 36. Kf3 Kf5 37. g3 Rd3+ 38. Ke2 Rxg3 39. a5 bxa5
40. Kf2 Kxf4 41. Kf1 Ke3 42. Ke1 Rg1# 0-1

[Event "ONJK 2017 FGH Combined"]
[Site "Borne"]
[Date "2017.08.10"]
[Round "2.1"]
[White "Waersegers, Brent"]
[Black "Mainka, Ingmar"]
[Result "0-1"]
[WhiteElo "669"]
[BlackElo "1318"]
[PlyCount "50"]
[EventDate "2017.08.10"]

1. c4 c5 2. Nc3 Nc6 3. e3 e6 4. d4 Nf6 5. Nf3 d5 6. Bd3 dxc4 7. Bxc4 cxd4 8.
Nxd4 Bc5 9. O-O Nxd4 10. exd4 Qxd4 11. Qxd4 Bxd4 12. Nb5 Bb6 13. Nd6+ Ke7 14.
Nxc8+ Raxc8 15. b3 Rhd8 16. Ba3+ Bc5 17. Bxc5+ Rxc5 18. Rfd1 b5 19. Rxd8 Kxd8
20. Bd3 h6 21. Rd1 Rd5 22. a4 bxa4 23. bxa4 Ke7 24. Kf1 Ne4 25. Ke2 Nc3+ 0-1

[Event "ONJK 2017 FGH Combined"]
[Site "Borne"]
[Date "2017.08.10"]
[Round "2.2"]
[White "Van Arendonk, Polle"]
[Black "Maruska, Miika"]
[Result "1-0"]
[WhiteElo "1050"]
[BlackElo "676"]
[PlyCount "39"]
[EventDate "2017.08.10"]

1. e4 e5 2. Nf3 Nc6 3. d4 exd4 4. Nxd4 Nxd4 5. Qxd4 Nf6 6. Bg5 Be7 7. e5 Ng8 8.
Be3 b6 9. Be2 Bc5 10. Qe4 c6 11. Bxc5 bxc5 12. O-O Ne7 13. Nd2 O-O 14. Nf3 g6
15. Qh4 Nd5 16. Qh6 Nb4 17. c3 Nd5 18. Ng5 Re8 19. Qxh7+ Kf8 20. Qxf7# 1-0

[Event "ONJK 2017 FGH Combined"]
[Site "Borne"]
[Date "2017.08.11"]
[Round "3.1"]
[White "Mainka, Ingmar"]
[Black "Kazarjan, Gachatur"]
[Result "0-1"]
[WhiteElo "1318"]
[BlackElo "870"]
[PlyCount "42"]
[EventDate "2017.08.10"]

1. e4 e5 2. Nf3 Nc6 3. Bc4 Bc5 4. O-O Nf6 5. Ng5 O-O 6. Nc3 h6 7. Nf3 d6 8. d3
Bg4 9. Be3 Bd4 10. Bxd4 Nxd4 11. Nd5 Nxd5 12. Bxd5 c6 13. Bc4 Qf6 14. c3 Nxf3+
15. Kh1 Nxh2 16. f3 Nxf1 17. Qxf1 Be6 18. d4 d5 19. dxe5 Qxe5 20. exd5 Bxd5 21.
Re1 Bxc4 0-1

[Event "ONJK 2017 FGH Combined"]
[Site "Borne"]
[Date "2017.08.11"]
[Round "3.2"]
[White "Grooten, Tommy"]
[Black "Van Arendonk, Polle"]
[Result "1-0"]
[WhiteElo "777"]
[BlackElo "1050"]
[PlyCount "33"]
[EventDate "2017.08.10"]

1. e4 c5 2. Nf3 d6 3. d4 cxd4 4. Nxd4 Nf6 5. Nc3 a6 6. Be3 e6 7. f4 Be7 8. Qf3
Nbd7 9. O-O-O Qc7 10. g4 e5 11. Nf5 g6 12. Nxe7 Kxe7 13. g5 Qc6 14. gxf6+ Nxf6
15. fxe5 dxe5 16. Bg5 Bd7 17. Bxf6+ 1-0

[Event "ONJK 2017 FGH Combined"]
[Site "Borne"]
[Date "2017.08.11"]
[Round "4.1"]
[White "Kazarjan, Gachatur"]
[Black "De Jong, Quint"]
[Result "1-0"]
[WhiteElo "870"]
[BlackElo "892"]
[PlyCount "69"]
[EventDate "2017.08.10"]

1. e4 c5 2. Nf3 Nc6 3. c3 b6 4. d4 Bb7 5. Be3 e6 6. Bc4 d5 7. exd5 exd5 8. Bb5
Nf6 9. O-O Be7 10. Ne5 Qc7 11. Bf4 Qc8 12. Re1 a6 13. Nxc6 Bxc6 14. Bxc6+ Qxc6
15. Qe2 Ra7 16. Nd2 Qd7 17. Nf3 O-O 18. Ne5 Qc7 19. Ng6 Qd7 20. Nxe7+ Kh8 21.
Bg5 Ng8 22. Nxg8 Kxg8 23. Qe3 f6 24. Bf4 Raa8 25. Qe6+ Qxe6 26. Rxe6 cxd4 27.
cxd4 b5 28. Rae1 Rad8 29. Bd6 Rc8 30. Bxf8 Kxf8 31. g3 Rc2 32. h4 Rxb2 33. h5
Rxa2 34. Re8+ Kf7 35. R1e7# 1-0

[Event "ONJK 2017 FGH Combined"]
[Site "Borne"]
[Date "2017.08.11"]
[Round "4.2"]
[White "Smeets, Kobe"]
[Black "Grooten, Tommy"]
[Result "1-0"]
[WhiteElo "945"]
[BlackElo "777"]
[PlyCount "71"]
[EventDate "2017.08.10"]

1. c4 e5 2. g3 Nf6 3. Bg2 d5 4. cxd5 Nxd5 5. e4 Nf6 6. a3 Bc5 7. Ne2 Qd3 8.
Nbc3 Ng4 9. O-O O-O 10. b4 Be7 11. Bb2 Be6 12. Nc1 Qd7 13. Re1 a6 14. N3e2 Nc6
15. Qc2 Rad8 16. Rd1 Nf6 17. d4 Nxd4 18. Nxd4 Ne8 19. Ncb3 exd4 20. Nxd4 Qc8
21. e5 c6 22. Rac1 Bg5 23. f4 Be7 24. Kh1 Bd5 25. Bxd5 Rxd5 26. Nf5 Rxd1+ 27.
Rxd1 Bd8 28. Qd3 Bb6 29. Ne7+ Kh8 30. Nxc8 Bf2 31. Nd6 Bb6 32. Nxe8 Rxe8 33. a4
a5 34. bxa5 Ba7 35. Qd8 Rg8 36. Qxg8+ 1-0

[Event "ONJK 2017 FGH Combined"]
[Site "Borne"]
[Date "2017.08.11"]
[Round "5.1"]
[White "Froeyman, Hugo"]
[Black "Smeets, Kobe"]
[Result "0-1"]
[WhiteElo "1000"]
[BlackElo "945"]
[PlyCount "86"]
[EventDate "2017.08.10"]

1. e4 c5 2. Nc3 e5 3. g3 Nf6 4. Bg2 Nc6 5. Nge2 d6 6. O-O Be7 7. d3 h6 8. Be3
Be6 9. Qd2 d5 10. exd5 Nxd5 11. Rad1 Qd7 12. Rfe1 Nxe3 13. Qxe3 Bd6 14. Rf1 Nd4
15. f4 exf4 16. gxf4 Nxc2 17. Qe4 f5 18. Qxb7 Qxb7 19. Bxb7 Rb8 20. Bg2 Ne3 21.
Rde1 Nxf1 22. Kxf1 Rxb2 23. Nd1 Rxa2 24. Ng3 Kf7 25. Nc3 Ra3 26. Nb5 Rxd3 27.
Ne2 a6 28. Nbc3 Rb8 29. Nd1 a5 30. Bc6 Rb4 31. Nc1 Rdd4 32. Ne3 a4 33. Nc2
Rxf4+ 34. Kg2 Rb2 35. Nd3 Rxc2+ 36. Kg1 Rg4+ 37. Kf1 Bc4 38. Re3 Rf4+ 39. Ke1
Bxd3 40. Rxd3 Rd4 41. Re3 Rb4 42. Bd5+ Kf8 43. Rf3 Rb1# 0-1

[Event "ONJK 2017 FGH Combined"]
[Site "Borne"]
[Date "2017.08.11"]
[Round "5.2"]
[White "Reina, Samson"]
[Black "Kazarjan, Gachatur"]
[Result "0-1"]
[WhiteElo "749"]
[BlackElo "870"]
[PlyCount "102"]
[EventDate "2017.08.10"]

1. e4 e5 2. Nf3 Nc6 3. Nc3 Nf6 4. Bb5 d6 5. d3 h6 6. h3 Bd7 7. Be3 a6 8. Ba4
Be7 9. d4 O-O 10. Bxc6 Bxc6 11. dxe5 dxe5 12. Nxe5 Bxe4 13. Nxe4 Nxe4 14. O-O
Bf6 15. Ng4 Bxb2 16. Rb1 Qxd1 17. Rfxd1 Nc3 18. Rxb2 Nxd1 19. Rb3 Nxe3 20. Rxe3
Rfe8 21. Rg3 Re6 22. f4 h5 23. f5 hxg4 24. fxe6 gxh3 25. exf7+ Kxf7 26. gxh3
Rd8 27. Rf3+ Ke7 28. Re3+ Kd7 29. Rd3+ Kc8 30. Rg3 Rg8 31. Kf2 Kd7 32. Ke3 Ke6
33. Ke4 c6 34. Rg6+ Kd7 35. Ke5 Re8+ 36. Kf5 Rf8+ 37. Ke5 Rg8 38. h4 Kc7 39. h5
Kb6 40. h6 Re8+ 41. Kd4 gxh6 42. Rxh6 Rd8+ 43. Kc4 Rd5 44. Rh3 Rc5+ 45. Kd3 Ra5
46. Kc4 Rc5+ 47. Kd4 Rxc2 48. Rb3+ Kc7 49. a4 Rh2 50. Ra3 Rh4+ 51. Kc5 b6# 0-1

[Event "ONJK 2017 FGH Combined"]
[Site "Borne"]
[Date "2017.08.11"]
[Round "6.1"]
[White "Kazarjan, Gachatur"]
[Black "Smeets, Kobe"]
[Result "0-1"]
[WhiteElo "870"]
[BlackElo "945"]
[PlyCount "82"]
[EventDate "2017.08.10"]

1. e4 c5 2. Nf3 d6 3. d4 cxd4 4. Nxd4 e5 5. Nf3 Nf6 6. Nc3 Nc6 7. Bb5 Bd7 8.
O-O a6 9. Bc4 Be7 10. Be3 O-O 11. a4 h6 12. Qe2 Bg4 13. h3 Bh5 14. Qd1 Qd7 15.
Be2 Bg6 16. Nd2 Bd8 17. Nd5 Bxe4 18. Nxf6+ Bxf6 19. Nxe4 Be7 20. Bg4 f5 21. Nc5
Qc8 22. Qd5+ Kh8 23. Ne6 Rf6 24. Be2 Qxe6 25. Qxe6 Rxe6 26. Bd3 Rf6 27. Bd2 d5
28. c4 d4 29. f3 Re8 30. Be1 Bd6 31. Bh4 g5 32. Bf2 Rff8 33. Rac1 e4 34. fxe4
fxe4 35. c5 Bf4 36. Rcd1 exd3 37. Rxd3 Be3 38. b3 Bxf2+ 39. Rxf2 Re1+ 40. Kh2
Rxf2 41. Kg3 Re3+ 0-1